LEADER 01495nam a2200301 u 4500 001 000000013368 003 CaOOAMICUS 005 20070226105638.0 008 940517s1976 it af u000 u ita u 035 $a10320215 040 $aPUL(R)$bita 100 1 $a?afarevi?, Igor' Rotislavovi?,$d1923-$0(OLS)http://pul/name/12603 245 13$aLa legislazione religiosa nell'URSS :$brapporto al Comitato per i diritti dell'uomo /$cIgor Rostislavovi? &SRSavarevi? ; introduzione di Giovanni Codevilla. 260 $aRoma :$bEd. Paoline,$c1976. 300 $a131 p., [6] p. di tav. :$bill. ;$c21 cm 490 1 $aURSS senza maschere ;$v3 651 4$aUnione Sovietica$xStoria ecclesiastica.$0(OLS)http://pul/subject/1774 651 4$aRussia$xReligione.$0(OLS)http://pul/subject/755 700 1 $aCodevilla, Giovanni.$0(OLS)http://pul/name/769 830 0$aURSS senza maschere ;$v3.$0(OLS)http://pul/title/19314 850 $aPUL 852 $aPUL$W1$xDP1 Cons. Gen., Altre Classi 1$y22$m45 D 62$j18858$nBK-PRI$b $qStampati$B18858$CPULBib$Z2$F18858 $H $81 852 $aPUL$W1$xDP1 Fondo G. Barberini$y122$m9 B 75$j177855$qFondi$B181030$CPULBib$Z2$F181030 $HBar131 $81 941 1 $a1 941 1 $a8 961 $aINV: 44940 996 $6245$aLa legislazione religiosa nell'URSS :$brapporto al Comitato per i diritti dell'uomo$9(OLS)http://pul/title/19313 996 $6260$aRoma :$bEd. Paoline$9(OLS)http://pul/publisher/48300 LEADER 01055nam a2200265 u 4500 001 000000068616 003 CaOOAMICUS 005 20070226121822.0 008 020313s1981 enkb u000 u eng u 020 $a0582492173 035 $a10923799 040 $aPUL(R)$bita 100 1 $aBeales, Derek Edward Dawson,$d1931-$0(OLS)http://pul/name/45639 245 14$aThe Risorgimento and the unification of Italy /$cDerek Beales. 260 $aLondon :$bLongman,$c1981. 300 $a176 p. :$bc. geogr. ;$c23 cm 504 $aNote bibliografiche a pič pagina. 651 4$aItalia$xStoria$ySec. XVIII-XIX.$0(OLS)http://pul/subject/5364 850 $aPUL 852 $aPUL$W1$xSL Filosofia 1$y2$m118 H 51$j88729$nBK-PRI$b $qStampati$B88729$CPULBib$Z2$F88729 $H $81 941 1 $a8 961 $aINV: 60094 996 $6020$a0582492173$9(OLS)http://pul/number/88938 996 $6245$aThe Risorgimento and the unification of Italy$9(OLS)http://pul/title/90743 996 $6260$aLondon :$bLongman$9(OLS)http://pul/publisher/48487